| 000 | 00904nam a2200229 a 4500 | ||
|---|---|---|---|
| 001 | 000023032 | ||
| 005 | 20200930021937.0 | ||
| 008 | 101124s1953 sp r 000 0 spa d | ||
| 040 |
_aDO-SdBNP _bspa _cBNPHU |
||
| 082 |
_a341.33 _bF383t |
||
| 100 | 1 |
_aFerrerira de Mello, Rubens _947386 |
|
| 245 | 1 | 0 |
_aTrastado de derecho diplomático / _cRubens Ferreira de Mello ; prólogo Antonio de Luna ; traducción Fernando Arias Parga. |
| 260 |
_aMadrid : _bConsejo Superior de Investigaciones Científicas, _c1953. |
||
| 300 |
_axx, 725 p. ; _c25 cm. |
||
| 500 | _aIncluye bibliografía p. [687-721]. | ||
| 504 | _aIncluye referencias bibliográficas y notas al pie de las páginas. | ||
| 650 | 4 |
_aDerecho diplomático y consular _910195 |
|
| 650 | 4 |
_aDerecho internacional público _99388 |
|
| 700 | 1 |
_aLuna, Antonio de la, _epról. _947387 |
|
| 700 | 1 |
_aArias Parga, Fernando, _etr. _947388 |
|
| 049 | _aBNGR | ||
| 999 |
_c22529 _d22529 |
||